[Event "SR 3. liga A2 2010/2011"]
[Site "?"]
[Date "2011.01.16"]
[Round "6.2"]
[White "Cechovic, Stefan"]
[Black "Merva, Frantisek"]
[Result "1/2-1/2"]
[WhiteElo "2190"]
[BlackElo "2038"]
[PlyCount "80"]
[EventDate "2010.??.??"]
[WhiteTeam "Slovakia"]
[BlackTeam "II"]
[WhiteTeamCountry "SVK"]
[BlackTeamCountry "SVK"]

1. e4 e5 2. Nc3 Nf6 3. g3 d5 4. exd5 Nxd5 5. Bg2 Nb6 6. d3 Be7 7. Nf3 Nc6 8.
Be3 O-O 9. Qd2 Re8 10. a3 Bf8 11. O-O Nd4 12. Bxd4 exd4 13. Ne2 c5 14. Rae1 Bd6
15. c3 dxc3 16. Nxc3 Be6 17. Ng5 Bc8 18. Rxe8+ Qxe8 19. Re1 Qd8 20. Qe3 h6 21.
Nge4 Bf5 22. Nxd6 Qxd6 23. Bxb7 Rb8 24. Be4 Be6 25. Rc1 f5 26. Bf3 Bd7 27. Ne2
Rc8 28. d4 Re8 29. Qb3+ c4 30. Qc2 Be6 31. Rd1 Rc8 32. Nf4 Bd7 33. d5 c3 34.
Rc1 cxb2 35. Qxb2 Rxc1+ 36. Qxc1 g5 37. Nd3 Nxd5 38. Qc4 Be6 39. Bxd5 Bxd5 40.
Qc8+ Qf8 1/2-1/2

[Event "SR 3. liga A2 2010/2011"]
[Site "?"]
[Date "2011.01.16"]
[Round "6.2"]
[White "Lajda, Dusan"]
[Black "Sturdik, Igor"]
[Result "0-1"]
[WhiteElo "1890"]
[BlackElo "2071"]
[PlyCount "78"]
[EventDate "2010.??.??"]
[WhiteTeam "Slovakia"]
[BlackTeam "II"]
[WhiteTeamCountry "SVK"]
[BlackTeamCountry "SVK"]

1. e4 Nf6 2. Nc3 d5 3. exd5 Nxd5 4. Nxd5 Qxd5 5. d4 Nc6 6. c3 e5 7. Be3 exd4 8.
Bxd4 Nxd4 9. Qxd4 Qxd4 10. cxd4 Bb4+ 11. Kd1 Be6 12. Kc2 O-O-O 13. Rd1 Rd6 14.
a3 Ba5 15. Nf3 Rhd8 16. Bd3 h6 17. Be4 Bb6 18. Rd2 Bxd4 19. Rhd1 Bxf2 20. Rxd6
Rxd6 21. Rxd6 cxd6 22. Kc3 Kc7 23. h3 d5 24. Bd3 Kd6 25. g4 Bd7 26. b4 Ba4 27.
Bf5 Bd1 28. Nd4 Bxd4+ 29. Kxd4 Bf3 30. Bc2 g5 31. a4 Bg2 32. Bb3 b6 33. a5 Bxh3
34. Bxd5 Bxg4 35. Bxf7 h5 36. Bc4 Bf3 37. Ke3 g4 38. Kf4 h4 39. Bf7 Bd5 0-1

[Event "SR 3. liga A2 2010/2011"]
[Site "?"]
[Date "2011.01.16"]
[Round "6.2"]
[White "Sefcik, Marek"]
[Black "Kocak, Branislav"]
[Result "0-1"]
[WhiteElo "2025"]
[BlackElo "1927"]
[PlyCount "162"]
[EventDate "2010.??.??"]
[WhiteTeam "Slovakia"]
[BlackTeam "II"]
[WhiteTeamCountry "SVK"]
[BlackTeamCountry "SVK"]

1. d4 d5 2. Bf4 Nf6 3. e3 e6 4. Nf3 g6 5. h3 Bg7 6. Nbd2 Nbd7 7. Bd3 b6 8. c3
Bb7 9. Bh2 c5 10. Qe2 Qe7 11. O-O O-O 12. Ne5 Ne4 13. Nxd7 Qxd7 14. Bb5 Qe7 15.
Nxe4 dxe4 16. dxc5 Qxc5 17. Rfd1 Rfd8 18. Qc4 Qxc4 19. Bxc4 Rac8 20. Be2 h5 21.
Rxd8+ Rxd8 22. Rd1 Rxd1+ 23. Bxd1 Bd5 24. Bb8 a6 25. Be2 b5 26. a3 Kf8 27. Kf1
Ke8 28. Ke1 Kd7 29. Kd2 Bb3 30. h4 Bf6 31. g3 Bg7 32. Bd1 Bxd1 33. Kxd1 a5 34.
Kc2 a4 35. b3 Kc6 36. Ba7 Bf8 37. Kb2 Kd5 38. Bd4 Bd6 39. c4+ bxc4 40. bxa4 e5
41. Bc3 Bc5 42. Bb4 Ba7 43. Kc3 f5 44. a5 f4 45. Kd2 Bb8 46. a4 Ba7 47. a6 Kc6
48. Bc3 fxg3 49. fxg3 Kd5 50. Ba5 Kc6 51. Bc3 Kd5 52. Bb2 Bc5 53. Bc3 Ba7 $11
54. Bb2 Bb6 55. Bc3 Bc5 56. a5 Kd6 57. Bb2 Kd5 58. Bc1 Kc6 59. Bb2 $11 Kb5 60.
Bxe5 Kxa6 61. Kc3 Kb5 62. a6 Bb4+ 63. Kd4 c3 64. a7 Bc5+ 65. Kxe4 Bxa7 66. Bxc3
Kc6 67. Bd4 Bb8 68. Be5 Ba7 69. Kf4 Kd7 70. Kg5 Ke6 71. Bc7 Kf7 72. Kf4 Bc5 73.
e4 Bb4 74. Ke5 Bd2 75. Kd5 g5 76. hxg5 Bxg5 77. Bf4 Bxf4 78. gxf4 h4 79. e5 h3
80. f5 h2 81. e6+ Kf6 0-1

[Event "SR 3. liga A2 2010/2011"]
[Site "?"]
[Date "2011.01.16"]
[Round "6.2"]
[White "Strakac, Petr"]
[Black "Sebesta, Radovan"]
[Result "1-0"]
[WhiteElo "2046"]
[BlackElo "2076"]
[PlyCount "59"]
[EventDate "2010.??.??"]
[WhiteTeam "Slovakia"]
[BlackTeam "II"]
[WhiteTeamCountry "SVK"]
[BlackTeamCountry "SVK"]

1. e4 c5 2. Nc3 Nc6 3. g3 g6 4. Bg2 Bg7 5. d3 Nf6 6. f4 d6 7. Nf3 O-O 8. O-O
Rb8 9. h3 Bd7 10. Kh2 b5 11. Ne2 a5 12. g4 Nd4 13. Ng3 Nxf3+ 14. Bxf3 Bc6 15.
Be3 Qc7 16. Qd2 Nd7 17. c3 b4 18. c4 a4 19. Rad1 Qb7 20. Bg2 Rbd8 21. h4 Nf6
22. Bh3 Bd7 23. f5 Bc6 24. Bh6 Nd7 25. Rg1 Ne5 26. Rdf1 Bd7 27. Nh5 Bxh6 28.
Qxh6 gxh5 29. gxh5+ Ng6 30. hxg6 1-0

[Event "SR 3. liga A2 2010/2011"]
[Site "?"]
[Date "2011.01.16"]
[Round "6.2"]
[White "Svoboda, Adam"]
[Black "Mihalik, Marek"]
[Result "1-0"]
[WhiteElo "1925"]
[BlackElo "2080"]
[PlyCount "79"]
[EventDate "2010.??.??"]
[WhiteTeam "Slovakia"]
[BlackTeam "II"]
[WhiteTeamCountry "SVK"]
[BlackTeamCountry "SVK"]

1. e4 c5 2. Nf3 d6 3. d4 cxd4 4. Nxd4 Nf6 5. Nc3 a6 6. Be3 Ng4 7. Bg5 Qb6 8.
Nd5 Qd8 9. Be2 Nf6 10. Nxf6+ gxf6 11. Be3 Nc6 12. Qd2 Qc7 13. f4 Bd7 14. Bh5
Nxd4 15. Bxd4 Rg8 16. O-O-O Bg4 17. Bxg4 Rxg4 18. h3 Rg8 19. Qf2 Qa5 20. Kb1 f5
21. e5 dxe5 22. Bxe5 e6 23. g4 fxg4 24. hxg4 h6 25. Qf3 Qb5 26. Rhe1 Qc6 27.
Qe2 Rd8 28. f5 Rxd1+ 29. Qxd1 Qc4 30. Bf6 Be7 31. fxe6 fxe6 32. g5 Bxf6 33.
gxf6 Rg6 34. Qd6 Rxf6 35. Qb8+ Kf7 36. Qxb7+ Kg6 37. Rg1+ Kf5 38. Qf3+ Qf4 39.
Qd3+ Ke5 40. Re1+ 1-0

[Event "SR 3. liga A2 2010/2011"]
[Site "?"]
[Date "2011.01.16"]
[Round "6.3"]
[White "Kastler, Peter"]
[Black "Kovarik, Oto"]
[Result "0-1"]
[WhiteElo "1711"]
[BlackElo "2025"]
[PlyCount "100"]
[EventDate "2010.??.??"]
[WhiteTeam "Slovakia"]
[BlackTeam "II"]
[WhiteTeamCountry "SVK"]
[BlackTeamCountry "SVK"]

1. d4 d5 2. c4 e6 3. Nc3 Be7 4. Nf3 Nf6 5. Bg5 Nbd7 6. e3 O-O 7. Bd3 dxc4 8.
Bxc4 c5 9. dxc5 Nxc5 10. Qc2 a6 11. Rd1 Qc7 12. O-O b5 13. Be2 Bb7 14. Rd2 Rac8
15. Rc1 Qb6 16. Qd1 Rfd8 17. a3 Rxd2 18. Nxd2 h6 19. Bh4 Qd8 20. Nf3 Qe8 21. b4
Nce4 22. Nxe4 Bxe4 23. Ne5 Bd5 24. h3 g5 25. Bg3 Kg7 26. Bf3 Bxf3 27. Nxf3 Rxc1
28. Qxc1 Ne4 29. Be5+ f6 30. Bb2 Qd7 31. Qc2 Qd5 32. Nd4 Bd6 33. Qb3 Kf7 34.
Qxd5 exd5 35. Nf5 Bf8 36. Nd4 Nd2 37. Nc6 Bd6 38. f3 Nc4 39. Bc1 Ke6 40. Kf2
Kd7 41. Nd4 Be5 42. g3 Nd6 43. f4 Ne4+ 44. Kf3 Bxd4 45. exd4 Ke6 46. h4 gxh4
47. g4 f5 48. g5 Kf7 49. Kg2 hxg5 50. fxg5 Kg6 0-1

[Event "SR 3. liga A2 2010/2011"]
[Site "?"]
[Date "2011.01.16"]
[Round "6.3"]
[White "Lopatievov, Alexander"]
[Black "Bjel, Tomas"]
[Result "1-0"]
[WhiteElo "1988"]
[BlackElo "1743"]
[PlyCount "129"]
[EventDate "2010.??.??"]
[WhiteTeam "Slovakia"]
[BlackTeam "II"]
[WhiteTeamCountry "SVK"]
[BlackTeamCountry "SVK"]

1. c4 e6 2. Nc3 Nf6 3. g3 d5 4. cxd5 exd5 5. Bg2 c6 6. d3 Bb4 7. Bd2 Bf5 8. a3
Bxc3 9. Bxc3 O-O 10. Nf3 c5 11. b4 d4 12. Bd2 Qe7 13. O-O Nc6 14. bxc5 Qxc5 15.
Qb3 Rab8 16. Rac1 Qe7 17. e4 dxe3 18. Bxe3 Rfd8 19. Rfd1 Ng4 20. d4 Nxe3 21.
Qxe3 Rd7 22. Qxe7 Nxe7 23. Ne5 Rdd8 24. Rc7 f6 25. Rxe7 fxe5 26. Rxe5 Bc2 27.
Rd2 Bb3 28. Rb5 Bc4 29. Rxb7 Rxb7 30. Bxb7 Rb8 31. Rc2 Be6 32. Rc7 Rd8 33. d5
Bf7 34. Bc6 a5 35. Rd7 Rxd7 36. Bxd7 Bxd5 37. Kf1 Kf7 38. Ke2 Ke7 39. Ba4 Kd6
40. Kd3 Kc5 41. Kc3 Bf3 42. Bc2 h6 43. h4 g5 44. hxg5 hxg5 45. Bf5 Kd5 46. Bc2
Kc5 47. Kb3 Kb5 48. Bd3+ Kc5 49. Kc3 Kd5 50. Ba6 Kc5 51. Kd3 Kb6 52. Bc4 Kc5
53. Bb3 Bc6 54. Ke3 Bb7 55. f4 gxf4+ 56. gxf4 Bc6 57. f5 Be8 58. f6 Kd6 59. f7
Kd7 60. fxe8=Q+ Kxe8 61. Kd4 Kd7 62. Kc5 Kc7 63. Kb5 Kb7 64. Kxa5 Ka7 65. Bd5
1-0

[Event "SR 3. liga A2 2010/2011"]
[Site "?"]
[Date "2011.01.16"]
[Round "6.3"]
[White "Manak, Jozef"]
[Black "Krist, Milan"]
[Result "1-0"]
[WhiteElo "2032"]
[BlackElo "2004"]
[PlyCount "81"]
[EventDate "2010.??.??"]
[WhiteTeam "Slovakia"]
[BlackTeam "II"]
[WhiteTeamCountry "SVK"]
[BlackTeamCountry "SVK"]

1. e4 e6 2. d3 d5 3. Nc3 Nf6 4. exd5 exd5 5. g3 Bb4 6. Bd2 O-O 7. Nce2 Bxd2+ 8.
Qxd2 Bg4 9. h3 Bh5 10. O-O-O a5 11. f4 Bxe2 12. Bxe2 Nc6 13. Nf3 d4 14. Kb1 Re8
15. Nh4 Nb4 16. Bf3 c6 17. Rde1 Qd7 18. g4 Rxe1+ 19. Rxe1 Re8 20. Nf5 c5 21.
Rxe8+ Nxe8 22. a3 Nd5 23. Bxd5 g6 24. Nh6+ Kg7 25. Bxf7 Kxh6 26. Bxe8 Qxe8 27.
Qxa5 Qc6 28. Qd8 Kg7 29. Qe7+ Kg8 30. Qe4 Qd7 31. f5 gxf5 32. gxf5 Kg7 33. Qe5+
Kf7 34. Qxc5 Kf6 35. b3 Qxf5 36. Qxf5+ Kxf5 37. a4 h5 38. a5 Ke5 39. b4 Kd5 40.
Kb2 b6 41. axb6 1-0

[Event "SR 3. liga A2 2010/2011"]
[Site "?"]
[Date "2011.01.16"]
[Round "6.3"]
[White "Palka, Miroslav"]
[Black "Kubis, Ivan"]
[Result "1/2-1/2"]
[WhiteElo "1935"]
[BlackElo "1980"]
[PlyCount "22"]
[EventDate "2010.??.??"]
[WhiteTeam "Slovakia"]
[BlackTeam "II"]
[WhiteTeamCountry "SVK"]
[BlackTeamCountry "SVK"]

1. c4 e5 2. Nc3 Nf6 3. g3 Bb4 4. Bg2 O-O 5. e3 Bxc3 6. bxc3 Nc6 7. Ne2 d6 8.
O-O Be6 9. d3 Qd7 10. Qb3 Rab8 11. f4 Bh3 1/2-1/2

[Event "SR 3. liga A2 2010/2011"]
[Site "?"]
[Date "2011.01.16"]
[Round "6.3"]
[White "Szitasi, Janos"]
[Black "Dvorsky, Jozef"]
[Result "1/2-1/2"]
[WhiteElo "2020"]
[BlackElo "2024"]
[PlyCount "114"]
[EventDate "2010.??.??"]
[WhiteTeam "Slovakia"]
[BlackTeam "II"]
[WhiteTeamCountry "SVK"]
[BlackTeamCountry "SVK"]

1. e4 c5 2. Nf3 Nc6 3. d4 cxd4 4. Nxd4 e5 5. Nxc6 bxc6 6. c4 Nf6 7. Bd3 Be7 8.
O-O O-O 9. Nc3 Bb7 10. Bg5 Re8 11. Bxf6 Bxf6 12. Qc2 d6 13. a3 Rc8 14. Rfd1 Qe7
15. Be2 Red8 16. Bf3 g6 17. Qa4 Ba8 18. g3 Bg7 19. Qc2 Qe6 20. Qe2 f5 21. h4
Rf8 22. Kg2 Rc7 23. Qd3 Rd8 24. h5 Bf8 25. b4 f4 26. hxg6 Qxg6 27. Qe2 Rg7 28.
Bh5 Qg5 29. Rd3 Be7 30. Rh1 Rf8 31. g4 Rf6 32. f3 Rh6 33. Kf1 Qf6 34. Rd2 Qe6
35. b5 Bd8 36. Qd3 Bb6 37. bxc6 Bxc6 38. Nd5 Bc5 39. Rb2 Rd7 40. g5 Rxh5 41.
Rxh5 Rg7 42. Nf6+ Kf7 43. Rbh2 Qc8 44. Nxh7 Qa6 45. g6+ Rxg6 46. Rf5+ Kg7 47.
Nf8 Rg1+ 48. Ke2 Qa5 49. Qd2 Qa4 50. Ne6+ Kg6 51. Nxc5 Qxc4+ 52. Nd3 Bb5 53.
Rf8 Ra1 54. Rg2+ Kh7 55. Rf5 Kh6 56. Rf6+ Kh7 57. Rf5 Kh6 1/2-1/2

[Event "SR 3. liga A2 2010/2011"]
[Site "?"]
[Date "2011.01.16"]
[Round "6.4"]
[White "Bahna, Jan"]
[Black "Mihalik, Anton"]
[Result "1-0"]
[WhiteElo "1975"]
[BlackElo "1919"]
[PlyCount "73"]
[EventDate "2010.??.??"]
[WhiteTeam "Slovakia"]
[BlackTeam "II"]
[WhiteTeamCountry "SVK"]
[BlackTeamCountry "SVK"]

1. e4 c5 2. Nc3 Nc6 3. g3 g6 4. Bg2 Bg7 5. d3 e6 6. Be3 Nd4 7. Qd2 Ne7 8. Nd1
d6 9. c3 Ndc6 10. Bh6 O-O 11. Bxg7 Kxg7 12. Ne3 Rb8 13. h4 b5 14. h5 f5 15.
hxg6 hxg6 16. Nf3 Kf7 17. Ng5+ Ke8 18. exf5 exf5 19. Kf1 Kd7 20. Rh7 Kc7 21.
Re1 Kb6 22. Bd5 Nxd5 23. Nxd5+ Ka6 24. Nc7+ Kb6 25. Nce6 Qf6 26. Nxf8 Qxf8 27.
Qe3 Rb7 28. Qe8 Qxe8 29. Rxe8 Rxh7 30. Nxh7 Bd7 31. Rg8 Ne5 32. d4 cxd4 33.
cxd4 Nc6 34. Rxg6 Kc7 35. Rg7 Kd8 36. Nf6 Be6 37. d5 1-0

[Event "SR 3. liga A2 2010/2011"]
[Site "?"]
[Date "2011.01.16"]
[Round "6.4"]
[White "Jozefovic, Milan"]
[Black "Valla, Tomas"]
[Result "1-0"]
[WhiteElo "1917"]
[BlackElo "1790"]
[PlyCount "109"]
[EventDate "2010.??.??"]
[WhiteTeam "Slovakia"]
[BlackTeam "II"]
[WhiteTeamCountry "SVK"]
[BlackTeamCountry "SVK"]

1. e4 c5 2. Nf3 d6 3. Bc4 Nf6 4. d3 e6 5. O-O Nc6 6. a4 Be7 7. Nc3 O-O 8. Bg5
h6 9. Bd2 d5 10. exd5 exd5 11. Ba2 Bg4 12. h3 Bh5 13. Re1 Ne5 14. g4 Nxf3+ 15.
Qxf3 d4 16. Ne4 Bg6 17. Ng3 Qd7 18. Bc4 a6 19. Re2 Nh7 20. Ne4 Nf6 21. Nxf6+
Bxf6 22. Bxh6 Rac8 23. Bf4 b5 24. axb5 axb5 25. Bd5 Rfd8 26. Be4 Bxe4 27. Rxe4
c4 28. Rae1 Re8 29. g5 Rxe4 30. Qxe4 Bd8 31. g6 Bf6 32. gxf7+ Kxf7 33. Qf3 Rh8
34. Qg4 Qd5 35. Bg3 cxd3 36. cxd3 b4 37. Rc1 Re8 38. h4 Re7 39. Kh2 b3 40. Qd1
g6 41. Rc4 Rb7 42. Qc1 Re7 43. Rc5 Qe6 44. Rc6 Qd5 45. Rd6 Qb5 46. Qf4 Re6 47.
Rxd4 Kg7 48. Re4 Rxe4 49. Qxe4 Bxb2 50. d4 Ba3 51. Be5+ Kh7 52. h5 Qb6 53.
hxg6+ Qxg6 54. Qb7+ Kh6 55. Qxb3 1-0

[Event "SR 3. liga A2 2010/2011"]
[Site "?"]
[Date "2011.01.16"]
[Round "6.4"]
[White "Krchnak, Rudolf"]
[Black "Mackovic, Matus"]
[Result "1/2-1/2"]
[WhiteElo "1886"]
[BlackElo "1846"]
[PlyCount "74"]
[EventDate "2010.??.??"]
[WhiteTeam "Slovakia"]
[BlackTeam "II"]
[WhiteTeamCountry "SVK"]
[BlackTeamCountry "SVK"]

1. d4 Nf6 2. Nc3 d5 3. Bg5 e6 4. e4 dxe4 5. Nxe4 Be7 6. Bxf6 Bxf6 7. Nf3 b6 8.
c3 Bb7 9. Bd3 O-O 10. Qd2 Nd7 11. O-O-O Rc8 12. h4 c5 13. dxc5 Nxc5 14. Nxf6+
Qxf6 15. Qg5 Qxg5+ 16. hxg5 Nxd3+ 17. Rxd3 Bxf3 18. Rxf3 Rfd8 19. Rfh3 h6 20.
gxh6 gxh6 21. Rxh6 Kg7 22. R6h4 Rd5 23. Rd1 Rxd1+ 24. Kxd1 Rc5 25. Re4 e5 26.
g4 Kf6 27. Ke2 Kg5 28. f3 f5 29. gxf5 Kxf5 30. b4 Rc7 31. c4 Rc8 32. a4 a5 33.
b5 Rh8 34. Kd3 Rh3 35. Ke3 Rh1 36. c5 bxc5 37. Rc4 Ra1 1/2-1/2

[Event "SR 3. liga A2 2010/2011"]
[Site "?"]
[Date "2011.01.16"]
[Round "6.4"]
[White "Liptak, Dusan"]
[Black "Ujhelyi, Matus"]
[Result "1-0"]
[WhiteElo "2086"]
[BlackElo "2006"]
[PlyCount "61"]
[EventDate "2010.??.??"]
[WhiteTeam "Slovakia"]
[BlackTeam "II"]
[WhiteTeamCountry "SVK"]
[BlackTeamCountry "SVK"]

1. d4 Nf6 2. c4 g6 3. Nc3 Bg7 4. Nf3 d6 5. g3 O-O 6. Bg2 Nbd7 7. O-O e5 8. e4
c6 9. Re1 exd4 10. Nxd4 Re8 11. h3 a5 12. Rb1 Nc5 13. Qc2 Nfxe4 14. Nxe4 Bxd4
15. Bg5 Qd7 16. Nf6+ Bxf6 17. Bxf6 b6 18. Rxe8+ Qxe8 19. Qd2 Bb7 20. Re1 Ne6
21. Qxd6 Rc8 22. Bc3 Qf8 23. Qe5 Qg7 24. Qe3 Qf8 25. Qxb6 Ba8 26. Qxa5 c5 27.
Qb6 Bxg2 28. Kxg2 Qe8 29. Qd6 h5 30. Qe5 Kf8 31. Rd1 1-0

[Event "SR 3. liga A2 2010/2011"]
[Site "?"]
[Date "2011.01.16"]
[Round "6.4"]
[White "Pekar, Tibor"]
[Black "Skapikova, Lubica"]
[Result "1/2-1/2"]
[WhiteElo "1972"]
[BlackElo "1884"]
[Annotator ",Jozef"]
[PlyCount "21"]
[EventDate "2010.??.??"]
[WhiteTeam "Slovakia"]
[BlackTeam "II"]
[WhiteTeamCountry "SVK"]
[BlackTeamCountry "SVK"]

1. e4 e5 2. Nf3 Nc6 3. Nc3 Nf6 4. a3 d6 5. Bb5 Bd7 6. O-O Be7 7. d3 O-O 8. Nd5
a6 9. Nxe7+ Nxe7 10. Bxd7 Nxd7 11. Ng5 $11 1/2-1/2

[Event "SR 3. liga A2 2010/2011"]
[Site "?"]
[Date "2011.01.16"]
[Round "6.4"]
[White "Puobis, Jozef"]
[Black "Szekely, Stefan"]
[Result "1/2-1/2"]
[WhiteElo "1949"]
[BlackElo "1976"]
[PlyCount "42"]
[EventDate "2010.??.??"]
[WhiteTeam "Slovakia"]
[BlackTeam "II"]
[WhiteTeamCountry "SVK"]
[BlackTeamCountry "SVK"]

1. e4 d6 2. d4 Nf6 3. Nc3 g6 4. Bc4 Bg7 5. Nge2 O-O 6. O-O c6 7. Bb3 e5 8. Bg5
Qc7 9. dxe5 dxe5 10. Qd3 Na6 11. Qf3 Bg4 $11 12. Qe3 Qb6 13. f3 Bd7 14. Rad1
Rad8 15. Qxb6 axb6 16. Rd6 Be6 17. Rfd1 Rxd6 18. Rxd6 Ne8 19. Rd2 Bxb3 20. cxb3
Nf6 21. Na4 b5 1/2-1/2

[Event "SR 3. liga A2 2010/2011"]
[Site "?"]
[Date "2011.01.16"]
[Round "6.5"]
[White "Bincik, Pavol"]
[Black "Hagara, Vladimir"]
[Result "0-1"]
[WhiteElo "1909"]
[BlackElo "1900"]
[PlyCount "66"]
[EventDate "2010.??.??"]
[WhiteTeam "Slovakia"]
[BlackTeam "II"]
[WhiteTeamCountry "SVK"]
[BlackTeamCountry "SVK"]

1. d4 Nf6 2. c4 g6 3. Nc3 d5 4. cxd5 Nxd5 5. e4 Nxc3 6. bxc3 Bg7 7. Be3 O-O 8.
Bc4 c5 9. Ne2 cxd4 10. cxd4 Nc6 11. O-O e6 12. Rc1 Na5 13. Bd3 b6 14. f4 Bb7
15. Rf2 Rc8 16. f5 exf5 17. exf5 Qe7 18. Bf4 Rxc1 19. Qxc1 Rc8 20. Qb1 Bd5 21.
g4 g5 22. Bg3 h6 23. h3 Bf6 24. Qb2 Qe3 25. Ba6 Nb7 26. Be5 Be7 27. h4 f6 28.
Bh2 Ba3 29. Qb5 Qe4 30. Ng3 Rc1+ 31. Qf1 Rxf1+ 32. Kxf1 Qb1+ 33. Ke2 Qc2+ 0-1

[Event "SR 3. liga A2 2010/2011"]
[Site "?"]
[Date "2011.01.16"]
[Round "6.5"]
[White "Brunovsky, Peter"]
[Black "Chabada, Tomas"]
[Result "1-0"]
[WhiteElo "1785"]
[BlackElo "1930"]
[PlyCount "81"]
[EventDate "2010.??.??"]
[WhiteTeam "Slovakia"]
[BlackTeam "II"]
[WhiteTeamCountry "SVK"]
[BlackTeamCountry "SVK"]

1. d4 Nf6 2. Nf3 g6 3. Bf4 Bg7 4. e3 O-O 5. h3 c5 6. c3 d5 7. Bd3 Nc6 8. Nbd2
c4 9. Bc2 b5 10. a3 a5 11. O-O Ba6 12. Bh2 Qb6 13. e4 Nxe4 14. Nxe4 dxe4 15.
Bxe4 Rad8 16. Qc1 Rfe8 17. Re1 f5 18. Bc2 Rd5 19. Bd1 e5 20. dxe5 Nxe5 21. Nxe5
Bxe5 22. Kf1 Qb8 23. Qe3 Kf8 24. Bf3 Rd3 25. Qc5+ Bd6 26. Rxe8+ Kxe8 27. Re1+
Kf8 28. Bxd6+ Qxd6 29. Qa7 b4 30. Qxh7 bxc3 31. Qh8+ Kf7 32. bxc3 Bb5 33. Kg1
Bc6 34. Qh7+ Kf8 35. Bxc6 Qxc6 36. h4 Rd7 37. Qh8+ Kf7 38. g3 Qb5 39. Re8 Qc5
40. Qg8+ Kf6 41. Re6# 1-0

[Event "SR 3. liga A2 2010/2011"]
[Site "?"]
[Date "2011.01.16"]
[Round "6.5"]
[White "Gasa, Patrik"]
[Black "Vepy, Ivan"]
[Result "0-1"]
[WhiteElo "1726"]
[BlackElo "1935"]
[PlyCount "80"]
[EventDate "2010.??.??"]
[WhiteTeam "Slovakia"]
[BlackTeam "II"]
[WhiteTeamCountry "SVK"]
[BlackTeamCountry "SVK"]

1. d4 Nf6 2. c4 d5 3. Nf3 e6 4. e3 Be7 5. Nc3 O-O 6. Bd3 b6 7. O-O Ba6 8. b3
dxc4 9. bxc4 Nc6 10. a3 Na5 11. Qe2 c5 12. Nb5 cxd4 13. Nbxd4 Qd6 14. Rd1 Qc5
15. Nd2 Rfd8 16. Bb2 Rd7 17. N2b3 Nxb3 18. Nxb3 Qc7 19. f4 Rad8 20. Rac1 h6 21.
g3 Bb7 22. Nd4 Ba8 23. Kf2 Qb7 24. Rg1 Bc5 25. Rcd1 Ne4+ 26. Bxe4 Qxe4 27. g4
e5 28. fxe5 Qxe5 29. Rg3 Qe4 30. Qd3 Qe7 31. Qc3 Qh4 32. Kg1 Qf6 33. Rf1 Qe5
34. Rd1 Qe4 35. Kf2 Bd6 36. Nc6 Bxg3+ 37. hxg3 Qxg4 38. Ne5 Qf5+ 39. Ke2 Rxd1
40. e4 Qf1+ 0-1

[Event "SR 3. liga A2 2010/2011"]
[Site "?"]
[Date "2011.01.16"]
[Round "6.5"]
[White "Kalmar, Tamas"]
[Black "Kosar, Mikulas ml"]
[Result "1/2-1/2"]
[WhiteElo "1754"]
[BlackElo "1889"]
[PlyCount "112"]
[EventDate "2010.??.??"]
[WhiteTeam "Slovakia"]
[BlackTeam "II"]
[WhiteTeamCountry "SVK"]
[BlackTeamCountry "SVK"]

1. d4 d5 2. c4 e6 3. Nc3 Nf6 4. Nf3 Bb4 5. Qb3 Bxc3+ 6. bxc3 O-O 7. Bg5 c6 8.
e3 Nbd7 9. Bd3 h6 10. Bh4 Re8 11. cxd5 exd5 12. O-O Qc7 13. Bg3 Qd8 14. c4 c5
15. cxd5 cxd4 16. Nxd4 Nc5 17. Qc2 Nxd3 18. Qxd3 Qxd5 19. Rfc1 a6 20. Qa3 Ne4
21. Rc7 Nxg3 22. hxg3 b5 23. Qb3 Bb7 24. Qxd5 Bxd5 25. a4 Bc4 26. axb5 axb5 27.
Rb1 Reb8 28. Rc5 Rc8 29. Rxc8+ Rxc8 30. Nxb5 Rb8 31. Nc3 Rxb1+ 32. Nxb1 f5 33.
Nd2 Bd3 34. Nb3 Bc4 35. Nd4 g6 36. Kh2 Kf7 37. Kh3 Bf1 38. Nf3 Kf6 39. Nh2 Be2
40. g4 Bd3 41. Kg3 Be4 42. Nf3 Bd3 43. Nd4 Be4 44. gxf5 gxf5 45. f3 Bd3 46. Kf4
Bb1 47. g4 fxg4 48. Kxg4 Bg6 49. Ne2 Bf7 50. Ng3 Kg6 51. f4 Bb3 52. e4 Bd1+ 53.
Kh4 Bc2 54. f5+ Kf7 55. Kh5 Kf6 56. Kxh6 Bxe4 1/2-1/2

[Event "SR 3. liga A2 2010/2011"]
[Site "?"]
[Date "2011.01.16"]
[Round "6.5"]
[White "Mackovic, Miroslav"]
[Black "Smrek, Peter"]
[Result "0-1"]
[WhiteElo "1915"]
[BlackElo "1882"]
[PlyCount "68"]
[EventDate "2010.??.??"]
[WhiteTeam "Slovakia"]
[BlackTeam "II"]
[WhiteTeamCountry "SVK"]
[BlackTeamCountry "SVK"]

1. f4 d5 2. Nf3 c5 3. e3 Nc6 4. b3 Nf6 5. Bb2 e6 6. Bd3 g6 7. g4 Bg7 8. h4 d4
9. g5 Nd5 10. h5 e5 11. h6 Bf8 12. fxe5 Bg4 13. exd4 cxd4 14. Bb5 Bc5 15. Rg1
Bh5 16. Bxc6+ bxc6 17. Na3 Nb6 18. d3 Qe7 19. Nc4 O-O 20. Ncd2 f6 21. Ne4 fxe5
22. Nf6+ Rxf6 23. gxf6 Qxf6 24. Rg3 Rf8 25. Kf2 e4 26. dxe4 d3+ 27. Kg2 Qxb2
28. Qc1 Ba3 29. Qg5 dxc2 30. Qxh5 c1=Q+ 31. Kh3 Qcxa1 32. Rxg6+ hxg6 33. Qxg6+
Kh8 34. Ng5 Qh1+ 0-1

[Event "SR 3. liga A2 2010/2011"]
[Site "?"]
[Date "2011.01.16"]
[Round "6.5"]
[White "Takacs, Laszlo"]
[Black "Liptak, Tomas"]
[Result "0-1"]
[WhiteElo "1921"]
[BlackElo "2073"]
[PlyCount "94"]
[EventDate "2010.??.??"]
[WhiteTeam "Slovakia"]
[BlackTeam "II"]
[WhiteTeamCountry "SVK"]
[BlackTeamCountry "SVK"]

1. e4 d6 2. d4 Nf6 3. Nc3 Nbd7 4. Nf3 e5 5. Bc4 h6 6. O-O c6 7. Bb3 Be7 8. Re1
Qc7 9. a4 Nf8 10. h3 Be6 11. d5 Bd7 12. Be3 g5 13. Nh2 Ng6 14. a5 c5 15. Ba4
Nf4 16. Bxd7+ Qxd7 17. f3 h5 18. Ne2 Rg8 19. Ng3 Nxh3+ 20. gxh3 Qxh3 21. Nhf1
h4 22. Nf5 g4 23. Kf2 g3+ 24. Ke2 c4 25. Bg1 Qg2+ 26. Ke3 Qxg1+ 27. Kd2 Qf2+
28. Kc3 g2 29. N1e3 h3 30. Nh6 Rg3 31. Qe2 Qxe2 32. Rxe2 Rxf3 33. Kxc4 Nxe4 34.
Nxg2 Rc8+ 35. Kb4 hxg2 36. Rxe4 Rxc2 37. Rg4 Rxb2+ 38. Kc4 Rd2 39. Rg1 f5 40.
R1xg2 Rxg2 41. Rxg2 Bf8 42. Rg6 Rf1 43. Re6+ Kd7 44. Rf6 Bxh6 45. Rxh6 Rc1+ 46.
Kd3 Rd1+ 47. Kc4 Rd4+ 0-1

[Event "SR 3. liga A2 2010/2011"]
[Site "?"]
[Date "2011.01.16"]
[Round "6.6"]
[White "Bilovsky, Milan"]
[Black "Zajicek, Ferdinand"]
[Result "1/2-1/2"]
[WhiteElo "1918"]
[BlackElo "1873"]
[PlyCount "34"]
[EventDate "2010.??.??"]
[WhiteTeam "Slovakia"]
[BlackTeam "II"]
[WhiteTeamCountry "SVK"]
[BlackTeamCountry "SVK"]

1. e4 e5 2. Nf3 Nc6 3. Bc4 h6 4. O-O d6 5. h3 Nf6 6. d3 Be7 7. a4 O-O 8. Nc3
Be6 9. Nd5 a6 10. c3 Re8 11. Re1 Rc8 12. b4 Nb8 13. Be3 Nbd7 14. a5 c6 15.
Nxf6+ Bxf6 16. Bxe6 Rxe6 17. c4 Qf8 1/2-1/2

[Event "SR 3. liga A2 2010/2011"]
[Site "?"]
[Date "2011.01.16"]
[Round "6.6"]
[White "Both, Tamas"]
[Black "Vegh, Vince"]
[Result "1/2-1/2"]
[WhiteElo "1781"]
[BlackElo "1947"]
[PlyCount "63"]
[EventDate "2010.??.??"]
[WhiteTeam "Slovakia"]
[BlackTeam "II"]
[WhiteTeamCountry "SVK"]
[BlackTeamCountry "SVK"]

1. e4 c5 2. d4 cxd4 3. Qxd4 Nc6 4. Qd3 Nf6 5. Nc3 e6 6. Bg5 h6 7. Bh4 Be7 8. a3
O-O 9. Nf3 d6 10. Be2 Ng4 11. Bg3 Nf6 12. O-O-O e5 13. Nd2 Nd4 14. f4 Qc7 15.
fxe5 dxe5 16. Nc4 Nc6 17. Nd5 Qd8 18. Nxf6+ Bxf6 19. Qxd8 Bxd8 20. Nxe5 Nxe5
21. Bxe5 Bg5+ 22. Kb1 Be6 23. Bd3 Rfe8 24. Bc3 a6 25. Rdf1 b5 26. h4 Be7 27.
Rf3 Rac8 28. Rg3 g6 29. Bd2 Kg7 30. Bc3+ Kg8 31. Bd2 Kg7 32. Bc3+ $11 1/2-1/2